000 01030nam a22002537a 4500
999 _c96192
_d96192
005 20230627111046.0
010 _a1516EN07 ENG-114755 ENG-137172
020 _a9788173719578
_c525.00
035 _aB-612485-499
035 _aB-667982 EN-120704
037 _aDPL
_bTechniz/ven
037 _bDBAD/PUB
082 _a343.54078624
100 _aPatil, B.S.
245 _aCivil engineering contracts and estimates /
_cby B.S. Patil
250 _a4th ed
260 _aHyderabad
_bUniversities Press
_c2015
270 _a3-6-747/1/A & 3-6-754/1,Himayatnagar
_bHyderbad
_e500029
300 _axiv,498p.
_c24cm(pbk)
700 _d.
942 _2ddc
_cEN
_mPAT
_h343.54078624